Flagi świata podobne do innych - Statystyki

Ogólne statystyki
  • Ten quiz został rozwiązany 16 razy
  • Średni wynik to 19 z 22
Statystyki odpowiedzi
Obrazkowy Odpowiedź % Poprawnych
Turcja
100%
Belgia
93%
Francja
93%
Holandia
93%
Indonezja
93%
Malta
93%
Monako
93%
Niemcy
93%
Polska
93%
Szwajcaria
93%
Tunezja
93%
Węgry
93%
Włochy
93%
Andora
86%
Luksemburg
86%
Rumunia
86%
Singapur
86%
Czad
79%
Iran
79%
Kuwejt
79%
Jordania
71%
Palestyna
64%
Nie znaleziono quizów pasujących do podanych kryteriów
Rozkład punktacji
Procent ludzi z każdym wynikiem
Percentyl według liczby udzielonych odpowiedzi
Twoja historia wyników
Nie rozwiązałeś tego quizu